Les Apologistes chrétiens au II siècle (Registro nro. 303810)
[ vista simple ]
| 000 -ENCABEZADO | |
|---|---|
| Número de control [NR] | 01636nam a2200265 4500 |
| 005 - FECHA Y HORA DE LA ÚLTIMA TRANSACCIÓN | |
| control field | 20160719142310.0 |
| 008 - DE LONGITUD FIJA DE DATOS DE ELEMENTOS - INFORMACIÓN GENERAL | |
| Elementos de longitud fija [NR] | 160719s1860 fr ||||fr|||| 001 0 fre d |
| 040 ## - FUENTE DE CATALOGACION [NR] | |
| Agencia de catalogación original [NR] | CO-BoUCM |
| Idioma de catalogación [NR] | spa |
| Quien Cataloga | Sandra Yazo |
| Quien Clasifica | Sandra Yazo |
| 041 0# - CODIGO DE IDIOMA [R] | |
| Código de idioma para texto/pista de sonido o título separado [R] | Francés |
| 082 04 - NUMERO DE CLASIFICACION DECIMAL DEWEY [R] | |
| Número de la edición [NR] | 20 |
| Número de clasificación [R] | 253.2 |
| 092 ## - SIGNATURA TOPOGRAFICA LOCAL | |
| Número de clasificación local | E40N095 |
| 100 10 - ASIENTO PRINCIPAL--NOMBRE PERSONAL [NR] | |
| Nombre personal [NR] | Freppel, Charles |
| Fechas asociadas con el nombre [NR] | 1827-1891 |
| ID Autoridad | 78253 |
| 242 00 - TRADUCCION DEL TITULO POR LA AGENCIA CATALOGADORA [R] | |
| Título [NR] | Los Apologistas cristianos del siglo II |
| Parte restante del título [NR] | San Justino. Curso de oratoria sagrada realizado en la Sorbona durante el curso 1858-1859 |
| Mención de responsabilidad, etc. [NR] | por ... Freppel |
| Código de idioma del título traducido [NR] | spa |
| 245 14 - MENCION DE TITULO [NR] | |
| Título [NR] | Les Apologistes chrétiens au II siècle |
| Parte restante del título [NR] | Saint Justin ... Cours d´eloquence sacrée fait à la Sorbonne pendant l’ année 1858-1859 |
| Mención de responsabilidad, etc. [NR] | par ... Freppel |
| 260 ## - PUBLICACION, DISTRIBUCION, ETC. (PIE DE IMPRENTA) [R] | |
| Lugar de publicación, distribución, etc. [R] | París (Francia) |
| Nombre del editor, distribuidor, etc. [R] | Ambroise Bray [Ambrosio Bray] |
| -- | Imprimerie de J. Claye [Imprenta de J. Claye] |
| Fecha de publicación, distribución, etc. [R] | 1860 |
| 300 ## - DESCRIPCION FISICA [R] | |
| Extensión [R] | 470 páginas |
| Dimensiones [R] | 22 x 14 cm |
| 500 ## - NOTA GENERAL [R] | |
| Nota general [NR] | Detalles físicos: Encuadernación rígida en cartón forrado en tela texturizada. Tapas con recuadros repujados. Lomo con nervaduras sobre costuras y adornos en dorado. Guardas simulando papel de agua. Anteportada. Portada impresa en una sola tinta. Texto impreso en una sola columna. Algunas notas de pie página. Índice. Cinta para señalar la lectura. Papel con algunas manchas |
| 505 1# - NOTA DE CONTENIDO CON FORMATO PREESTABLECIDO [R] | |
| Nota de contenido con formato preestablecido [NR] | Prefacio ; Lecciones (I - XXI) de apologética y oratoria sagrada, a partir de las obras de San Justino ; Apéndice: sobre la autenticidad de las obras de S. Justino ; Índice |
| 506 ## - NOTA DE RESTRICCIONES DE ACCESO [R] | |
| Condiciones de acceso [NR] | Consulta en sala |
| 650 #7 - ASIENTO SECUNDARIO DE MATERIA - TERMINO TEMATICO [R] | |
| 9 (RLIN) | 20808 |
| Término temático o nombre geográfico como elemento de entrada [NR] | Oratoria sagrada |
| 650 #7 - ASIENTO SECUNDARIO DE MATERIA - TERMINO TEMATICO [R] | |
| 9 (RLIN) | 20798 |
| Término temático o nombre geográfico como elemento de entrada [NR] | Oratoria |
| 650 #7 - ASIENTO SECUNDARIO DE MATERIA - TERMINO TEMATICO [R] | |
| 9 (RLIN) | 13994 |
| Término temático o nombre geográfico como elemento de entrada [NR] | Elocuencia |
| 690 ## - ASUNTO AGREGADO LOCAL DE ENTRADA - TÉRMINO TEMÁTICO (OCLC, RLIN) | |
| Acceso temático local | Espiritualidad |
| 9 (RLIN) | 191 |
| 942 ## - ELEMENTOS DE ENTRADA AGREGADOS (KOHA) | |
| Sistema de clasificación | LOCAL |
| Tipo de ítem principal el descrito en 300a | Libro |
| Edición | 1 |
| Clasificación | E40N095 |
| Suprimido | Perdido | Sistema de clasificación | Dañado | No prestable | Tipo de ítem específico | Ubicación habitual | Ubicación actual | Localización | Fecha de creación | Forma de adquisición | Costo | Total préstamos | Signatura topográfica | Código de barras | Última vez visto | Ejemplar | Price effective from | Tipo de ítem |
|---|---|---|---|---|---|---|---|---|---|---|---|---|---|---|---|---|---|---|
| LOCAL | Libro archivo | Archivo Histórico | Archivo Histórico | Archivo histórico | 19/07/2016 | Donación | 0.00 | E40N095 | L005781 | 19/07/2016 | Ej.1 | 19/07/2016 | Libro |